Diocesi cattoliche italiane (con mappa) - Statistics

Statistiche generali
  • Questo quiz è stato fatto 671 volte
    611 dall'ultimo reset
  • Il punteggio medio è 121 su 224
Risposte nella Mappa
Le risposte nella mappa del quiz sottostante sono codificate secondo una scala di colori dal rosso al verde in base alla % di persone che hanno risposto correttamente.
 
Statistiche sulle risposte
Hint Risposta % Corretto
Regione ecclesiastica Lombardia Arcidiocesi {di Milano}
90%
Regione ecclesiastica Liguria Arcidiocesi {di Genova}
88%
Regione ecclesiastica Piemonte Arcidiocesi {di Torino}
88%
Regione ecclesiastica Lazio Diocesi {di Roma}
88%
Regione ecclesiastica Triveneto Patriarcato {di Venezia}
88%
Regione ecclesiastica Triveneto Arcidiocesi {di Udine}
87%
Regione ecclesiastica Piemonte Diocesi {di Aosta}
87%
Regione ecclesiastica Triveneto Diocesi {di Trieste}
87%
Regione ecclesiastica Emilia-Romagna Arcidiocesi {di Bologna}
86%
Regione ecclesiastica Triveneto Diocesi {di Verona}
86%
Regione ecclesiastica Toscana Arcidiocesi {di Firenze}
85%
Regione ecclesiastica Lombardia Diocesi {di Bergamo}
85%
Regione ecclesiastica Triveneto Diocesi {di Padova}
85%
Regione ecclesiastica Triveneto Arcidiocesi {di Trento}
84%
Regione ecclesiastica Lombardia Diocesi {di Brescia}
84%
Regione ecclesiastica Marche Diocesi {di Fano-Fossombrone-Cagli-Pergola}
84%
Regione ecclesiastica Puglia Arcidiocesi {di Bari-Bitonto}
83%
Regione ecclesiastica Campania Arcidiocesi {di Napoli}
83%
Regione ecclesiastica Liguria Diocesi {della Spezia-Sarzana-Brugnato}
83%
Regione ecclesiastica Lombardia Diocesi {di Como}
83%
Regione ecclesiastica Lombardia Diocesi {di Cremona}
83%
Regione ecclesiastica Emilia-Romagna Arcidiocesi {di Modena-Nonantola}
82%
Regione ecclesiastica Liguria Diocesi {di Albenga-Imperia}
82%
Regione ecclesiastica Triveneto Diocesi {di Bolzano-Bressanone}
82%
Regione ecclesiastica Lombardia Diocesi {di Mantova}
82%
Regione ecclesiastica Emilia-Romagna Diocesi {di Parma}
82%
Regione ecclesiastica Emilia-Romagna Diocesi {di Reggio Emilia-Guastalla}
82%
Regione ecclesiastica Sicilia Arcidiocesi {di Catania}
81%
Regione ecclesiastica Sicilia Arcidiocesi {di Palermo}
81%
Regione ecclesiastica Toscana Arcidiocesi {di Pisa}
81%
Regione ecclesiastica Sardegna Arcidiocesi {di Cagliari}
80%
Regione ecclesiastica Emilia-Romagna Diocesi {di Rimini}
80%
Regione ecclesiastica Emilia-Romagna Arcidiocesi {di Ferrara-Comacchio}
79%
Regione ecclesiastica Triveneto Arcidiocesi {di Gorizia}
79%
Regione ecclesiastica Sicilia Arcidiocesi {di Messina-Lipari-Santa Lucia del Mela}
79%
Regione ecclesiastica Emilia-Romagna Arcidiocesi {di Ravenna-Cervia}
79%
Regione ecclesiastica Calabria Arcidiocesi {di Reggio Calabria-Bova}
79%
Regione ecclesiastica Sardegna Diocesi {di Ales-Terralba}
79%
Regione ecclesiastica Triveneto Diocesi {di Vicenza}
79%
Regione ecclesiastica Toscana Arcidiocesi {di Siena-Colle di Val d'Elsa-Montalcino}
78%
Regione ecclesiastica Triveneto Diocesi {di Concordia-Pordenone}
78%
Regione ecclesiastica Piemonte Diocesi {di Novara}
78%
Regione ecclesiastica Liguria Diocesi {di Savona-Noli}
78%
Regione ecclesiastica Abruzzo-Molise Arcidiocesi {dell'Aquila}
77%
Regione ecclesiastica Umbria Arcidiocesi {di Perugia-Città della Pieve}
77%
Regione ecclesiastica Campania Arcidiocesi {di Salerno-Campagna-Acerno}
77%
Regione ecclesiastica Sardegna Arcidiocesi {di Sassari}
77%
Regione ecclesiastica Piemonte Diocesi {di Alessandria}
77%
Regione ecclesiastica Triveneto Diocesi {di Belluno-Feltre}
77%
Regione ecclesiastica Piemonte Diocesi {di Cuneo-Fossano}
77%
Regione ecclesiastica Lazio Diocesi {di Latina-Terracina-Sezze-Priverno}
77%
Regione ecclesiastica Emilia-Romagna Diocesi {di Piacenza-Bobbio}
77%
Regione ecclesiastica Triveneto Diocesi {di Treviso}
77%
Regione ecclesiastica Liguria Diocesi {di Ventimiglia-San Remo}
77%
Regione ecclesiastica Marche Arcidiocesi {di Ancona-Osimo}
76%
Regione ecclesiastica Puglia Arcidiocesi {di Foggia-Bovino}
76%
Regione ecclesiastica Toscana Diocesi {di Livorno}
76%
Regione ecclesiastica Lombardia Diocesi {di Lodi}
76%
Regione ecclesiastica Lombardia Diocesi {di Pavia}
76%
Regione ecclesiastica Puglia Arcidiocesi {di Lecce}
75%
Regione ecclesiastica Toscana Arcidiocesi {di Lucca}
75%
Regione ecclesiastica Basilicata Arcidiocesi {di Matera-Irsina}
75%
Regione ecclesiastica Puglia Arcidiocesi {di Taranto}
75%
Regione ecclesiastica Piemonte Diocesi {di Asti}
75%
Regione ecclesiastica Toscana Diocesi {di Prato}
75%
Regione ecclesiastica Sicilia Arcidiocesi {di Siracusa}
74%
Regione ecclesiastica Triveneto Diocesi {di Adria-Rovigo}
74%
Regione ecclesiastica Toscana Diocesi {di Grosseto}
74%
Regione ecclesiastica Calabria Arcidiocesi {di Catanzaro-Squillace}
73%
Regione ecclesiastica Abruzzo-Molise Arcidiocesi {di Pescara-Penne}
73%
Regione ecclesiastica Toscana Diocesi {di Massa Carrara-Pontremoli}
73%
Regione ecclesiastica Lazio Diocesi {di Viterbo}
73%
Regione ecclesiastica Sicilia Arcidiocesi {di Agrigento}
72%
Regione ecclesiastica Campania Arcidiocesi {di Benevento}
72%
Regione ecclesiastica Calabria Arcidiocesi {di Cosenza-Bisignano}
72%
Regione ecclesiastica Basilicata Arcidiocesi {di Potenza-Muro Lucano-Marsico Nuovo}
72%
Regione ecclesiastica Toscana Diocesi {di Arezzo-Cortona-Sansepolcro}
72%
Regione ecclesiastica Emilia-Romagna Diocesi {di Cesena-Sarsina}
72%
Regione ecclesiastica Emilia-Romagna Diocesi {di Forlì-Bertinoro}
72%
Regione ecclesiastica Abruzzo-Molise Arcidiocesi {di Campobasso-Boiano}
71%
Regione ecclesiastica Abruzzo-Molise Arcidiocesi {di Chieti-Vasto}
71%
Regione ecclesiastica Calabria Arcidiocesi {di Crotone-Santa Severina}
71%
Regione ecclesiastica Piemonte Arcidiocesi {di Vercelli}
71%
Regione ecclesiastica Campania Diocesi {di Caserta}
71%
Regione ecclesiastica Toscana Diocesi {di Pistoia}
71%
Regione ecclesiastica Puglia Arcidiocesi {di Brindisi-Ostuni}
70%
Regione ecclesiastica Lazio Diocesi {di Frosinone-Veroli-Ferentino}
70%
Regione ecclesiastica Marche Diocesi {di Macerata-Tolentino-Recanati-Cingoli-Treia}
70%
Regione ecclesiastica Sardegna Diocesi {di Nuoro}
70%
Regione ecclesiastica Sicilia Diocesi {di Trapani}
70%
Regione ecclesiastica Puglia Arcidiocesi {di Trani-Barletta-Bisceglie}
69%
Regione ecclesiastica Marche Arcidiocesi {di Urbino-Urbania-Sant'Angelo in Vado}
69%
Regione ecclesiastica Sicilia Diocesi {di Ragusa}
69%
Regione ecclesiastica Marche Arcidiocesi {di Pesaro}
67%
Regione ecclesiastica Campania Diocesi {di Avellino}
67%
Regione ecclesiastica Piemonte Diocesi {di Biella}
67%
Regione ecclesiastica Umbria Diocesi {di Terni-Narni-Amelia}
67%
Regione ecclesiastica Lazio Diocesi {di Rieti}
66%
Regione ecclesiastica Umbria Diocesi {di Assisi-Nocera Umbra-Gualdo Tadino}
65%
Regione ecclesiastica Abruzzo-Molise Diocesi {di Isernia-Venafro}
65%
Regione ecclesiastica Sardegna Arcidiocesi {di Oristano}
64%
Regione ecclesiastica Marche Arcidiocesi {di Fermo}
63%
Regione ecclesiastica Puglia Diocesi {di Andria}
63%
Regione ecclesiastica Lombardia Diocesi {di Crema}
63%
Regione ecclesiastica Abruzzo-Molise Diocesi {di Teramo-Atri}
62%
Regione ecclesiastica Sicilia Diocesi {di Caltanissetta}
60%
Regione ecclesiastica Marche Diocesi {di Ascoli Piceno}
59%
Regione ecclesiastica Emilia-Romagna Diocesi {di Imola}
59%
Regione ecclesiastica Toscana Diocesi {di Massa Marittima-Piombino}
57%
Regione ecclesiastica Emilia-Romagna Diocesi {di San Marino-Montefeltro}
57%
Regione ecclesiastica Piemonte Diocesi {di Alba}
55%
Regione ecclesiastica Emilia-Romagna Diocesi {di Carpi}
55%
Regione ecclesiastica Lazio Sede suburbicaria {di Ostia}
55%
Regione ecclesiastica Puglia Arcidiocesi {di Manfredonia-Vieste-San Giovanni Rotondo}
53%
Regione ecclesiastica Abruzzo-Molise Diocesi {di Termoli-Larino}
53%
Regione ecclesiastica Triveneto Diocesi {di Chioggia}
51%
Regione ecclesiastica Emilia-Romagna Diocesi {di Faenza-Modigliana}
51%
Regione ecclesiastica Campania Arcidiocesi {di Amalfi-Cava de' Tirreni}
50%
Regione ecclesiastica Campania Diocesi {di Ischia}
49%
Regione ecclesiastica Umbria Arcidiocesi {di Spoleto-Norcia}
48%
Regione ecclesiastica Umbria Diocesi {di Gubbio}
48%
Regione ecclesiastica Sicilia Diocesi {di Noto}
48%
Regione ecclesiastica Liguria Diocesi {di Tortona}
48%
Regione ecclesiastica Lombardia Diocesi {di Vigevano}
48%
Regione ecclesiastica Puglia Arcidiocesi {di Otranto}
47%
Regione ecclesiastica Liguria Diocesi {di Chiavari}
47%
Regione ecclesiastica Lazio Diocesi {di Civitavecchia-Tarquinia}
47%
Regione ecclesiastica Campania Arcidiocesi {di Sorrento-Castellammare di Stabia}
46%
Regione ecclesiastica Marche Diocesi {di San Benedetto del Tronto-Ripatransone-Montalto}
46%
Regione ecclesiastica Sardegna Diocesi {di Alghero-Bosa}
45%
Regione ecclesiastica Sardegna Diocesi {di Iglesias}
45%
Regione ecclesiastica Piemonte Diocesi {di Ivrea}
45%
Regione ecclesiastica Umbria Diocesi {di Orvieto-Todi}
45%
Regione ecclesiastica Puglia Diocesi {di Nardò-Gallipoli}
44%
Regione ecclesiastica Piemonte Diocesi {di Casale Monferrato}
43%
Regione ecclesiastica Umbria Diocesi {di Foligno}
43%
Regione ecclesiastica Piemonte Diocesi {di Susa}
43%
Regione ecclesiastica Emilia-Romagna Diocesi {di Fidenza}
42%
Regione ecclesiastica Campania Diocesi {di Pozzuoli}
42%
Regione ecclesiastica Marche Diocesi {di Senigallia}
42%
Regione ecclesiastica Sardegna Diocesi {di Tempio-Ampurias}
42%
Regione ecclesiastica Lazio Arcidiocesi {di Gaeta}
41%
Regione ecclesiastica Puglia Diocesi {di Altamura-Gravina-Acquaviva delle Fonti}
41%
Regione ecclesiastica Marche Diocesi {di Jesi}
41%
Regione ecclesiastica Abruzzo-Molise Diocesi {di Sulmona-Valva}
41%
Regione ecclesiastica Triveneto Diocesi {di Vittorio Veneto}
41%
Regione ecclesiastica Abruzzo-Molise Arcidiocesi {di Lanciano-Ortona}
40%
Regione ecclesiastica Sicilia Diocesi {di Mazara del Vallo}
40%
Regione ecclesiastica Piemonte Diocesi {di Pinerolo}
40%
Regione ecclesiastica Marche Arcidiocesi {di Camerino-San Severino Marche}
39%
Regione ecclesiastica Sicilia Arcidiocesi {di Monreale}
39%
Regione ecclesiastica Sicilia Diocesi {di Cefalù}
39%
Regione ecclesiastica Sicilia Diocesi {di Acireale}
38%
Regione ecclesiastica Piemonte Diocesi {di Acqui}
38%
Regione ecclesiastica Abruzzo-Molise Diocesi {di Avezzano}
38%
Regione ecclesiastica Puglia Diocesi {di Conversano-Monopoli}
38%
Regione ecclesiastica Calabria Diocesi {di Lamezia Terme}
38%
Regione ecclesiastica Piemonte Diocesi {di Mondovì}
38%
Regione ecclesiastica Piemonte Diocesi {di Saluzzo}
38%
Regione ecclesiastica Puglia Diocesi {di San Severo}
38%
Regione ecclesiastica Lazio Diocesi {di Sora-Cassino-Aquino-Pontecorvo}
38%
Regione ecclesiastica Marche Diocesi {di Fabriano-Matelica}
37%
Regione ecclesiastica Calabria Diocesi {di Mileto-Nicotera-Tropea}
37%
Regione ecclesiastica Puglia Diocesi {di Molfetta-Ruvo-Giovinazzo-Terlizzi}
37%
Regione ecclesiastica Toscana Diocesi {di Fiesole}
36%
Regione ecclesiastica Puglia Diocesi {di Ugento-Santa Maria di Leuca}
35%
Regione ecclesiastica Lazio Sede suburbicaria {di Porto-Santa Rufina}
35%
Regione ecclesiastica Calabria Arcidiocesi {di Rossano-Cariati}
34%
Regione ecclesiastica Toscana Diocesi {di Volterra}
34%
Regione ecclesiastica Umbria Diocesi {di Città di Castello}
33%
Regione ecclesiastica Toscana Diocesi {di Pitigliano-Sovana-Orbetello}
33%
Regione ecclesiastica Sicilia Diocesi {di Caltagirone}
32%
Regione ecclesiastica Toscana Diocesi {di Montepulciano-Chiusi-Pienza}
32%
Regione ecclesiastica Sicilia Eparchia {di Piana degli Albanesi}
32%
Regione ecclesiastica Marche Prelatura territoriale {di Loreto}
32%
Regione ecclesiastica Puglia Diocesi {di Cerignola-Ascoli Satriano}
31%
Regione ecclesiastica Campania Diocesi {di Nola}
31%
Regione ecclesiastica Lazio Diocesi {di Tivoli}
31%
Regione ecclesiastica Basilicata Diocesi {di Tursi-Lagonegro}
30%
Regione ecclesiastica Campania Prelatura territoriale {di Pompei}
30%
Regione ecclesiastica Campania Diocesi {di Acerra}
29%
Regione ecclesiastica Campania Diocesi {di Nocera Inferiore-Sarno}
29%
Regione ecclesiastica Calabria Diocesi {di Oppido Mamertina-Palmi}
29%
Regione ecclesiastica Sicilia Diocesi {di Piazza Armerina}
29%
Regione ecclesiastica Basilicata Diocesi {di Melfi-Rapolla-Venosa}
28%
Regione ecclesiastica Sicilia Diocesi {di Patti}
28%
Regione ecclesiastica Calabria Diocesi {di San Marco Argentano-Scalea}
28%
Regione ecclesiastica Campania Diocesi {di Teggiano-Policastro}
28%
Regione ecclesiastica Campania Arcidiocesi {di Capua}
27%
Regione ecclesiastica Sicilia Diocesi {di Nicosia}
27%
Regione ecclesiastica Lazio Sede suburbicaria {di Frascati}
27%
Regione ecclesiastica Calabria Diocesi {di Locri-Gerace}
26%
Regione ecclesiastica Campania Diocesi {di Vallo della Lucania}
26%
Regione ecclesiastica Campania Arcidiocesi {di Sant'Angelo dei Lombardi-Conza-Nusco-Bisaccia}
25%
Regione ecclesiastica Campania Diocesi {di Aversa}
25%
Regione ecclesiastica Puglia Diocesi {di Lucera-Troia}
25%
Regione ecclesiastica Lazio Sede suburbicaria {di Albano}
25%
Regione ecclesiastica Sardegna Diocesi {di Lanusei}
24%
Regione ecclesiastica Lazio Abbazia territoriale {di Montecassino}
23%
Regione ecclesiastica Sardegna Diocesi {di Ozieri}
23%
Regione ecclesiastica Toscana Diocesi {di Pescia}
23%
Regione ecclesiastica Abruzzo-Molise Diocesi {di Trivento}
23%
Regione ecclesiastica Campania Diocesi {di Ariano Irpino-Lacedonia}
21%
Regione ecclesiastica Toscana Diocesi {di San Miniato}
21%
Regione ecclesiastica Campania Diocesi {di Teano-Calvi}
21%
Regione ecclesiastica Lazio Sede suburbicaria {di Velletri-Segni}
21%
Regione ecclesiastica Basilicata Diocesi {di Tricarico}
20%
Regione ecclesiastica Basilicata Arcidiocesi {di Acerenza}
19%
Regione ecclesiastica Lazio Diocesi {di Anagni-Alatri}
19%
Regione ecclesiastica Toscana Abbazia territoriale {di Monte Oliveto Maggiore}
18%
Regione ecclesiastica Campania Diocesi {di Cerreto Sannita-Telese-Sant'Agata de' Goti}
18%
Regione ecclesiastica Lazio Diocesi {di Civita Castellana}
18%
Regione ecclesiastica Calabria Eparchia {di Lungro}
18%
Regione ecclesiastica Calabria Diocesi {di Cassano all'Jonio}
17%
Regione ecclesiastica Puglia Diocesi {di Castellaneta}
17%
Regione ecclesiastica Campania Diocesi {di Sessa Aurunca}
16%
Regione ecclesiastica Campania Abbazia territoriale {della Santissima Trinità di Cava de' Tirreni}
15%
Regione ecclesiastica Lazio Sede suburbicaria {di Palestrina}
15%
Regione ecclesiastica Lazio Sede suburbicaria {di Sabina-Poggio Mirteto}
15%
Regione ecclesiastica Puglia Diocesi {di Oria}
14%
Regione ecclesiastica Campania Diocesi {di Alife-Caiazzo}
12%
Regione ecclesiastica Campania Abbazia territoriale {di Montevergine}
10%
Regione ecclesiastica Lazio Abbazia territoriale {di Subiaco}
10%
Regione ecclesiastica Lazio Abbazia territoriale {di Santa Maria di Grottaferrata}
6%
Nessun quiz corrispondente trovato
Distribuzione punteggi
Percentuale di utenti per punteggio
Percentile per numero di risposta
I tuoi punteggi nel tempo
Non hai fatto questo quiz dall'ultimo reset